| 000 | 00524nam a2200169 i 4500 | ||
|---|---|---|---|
| 001 | 25086 | ||
| 003 | ES-MaACL | ||
| 005 | 20230906153206.0 | ||
| 007 | t| | ||
| 008 | 021220s1934 sp ||||1| spa d | ||
| 245 | 0 | 0 | _aApertura del curso de 1934-1935. |
| 260 |
_aMadrid : _bE. Catalá, _c1934. |
||
| 300 |
_a40 p. ; _c20 cm. |
||
| 500 | _aPrecede al tít.: Cruz Roja Española. Hospital y Dispensarios Centrales. | ||
| 710 | 2 |
_aCruz Roja Española. _bHospital y Dispensario Centrales. _93327 |
|
| 852 |
_aES-MaACL _j1817-F-1 |
||
| 999 |
_c25086 _d25086 |
||